Statistická ročenka Československé socialistické republiky 1974

Na minha lista:
Detalhes bibliográficos
Formato: Livro
Idioma:tcheco
Publicado em: Praha : SNTL, 1974
Edição:1.vyd.
Tags: Adicionar Tag
Sem tags, seja o primeiro a adicionar uma tag!

MARC

LEADER 00000nam a22000003a 4500
001 stu6773
005 20150408182039.5
008 940831s1974----cs------------------cze-d
040 |a STU  |b slo 
041 0 |a cze 
044 |a cs 
080 |a 311.313(437) 
245 |a Statistická ročenka Československé socialistické republiky 1974 
250 |a 1.vyd. 
260 |a Praha :  |b SNTL,  |c 1974 
300 |a 621 s 
996 |b 284V035140  |c V*8113/O-963  |l VVS  |s A  |a 24  |w stu6773_0001